000 00664nam a2200193 a 4500
001 000022275
005 20200930011649.0
008 100921s1985 dr 001 0 spa d
040 _aDO-SdBNP
_bspa
_cBNPHU
082 _axxxx
_bG984a
100 1 _aGutierrez, Manuel Esteban
_d1955-
_946024
245 1 0 _aApuntes para una secretaria moderna /
_cManuel Esteban Gutierrez.
260 _aSanto Domingo :
_bEditora Taller,
_c1985.
300 _a51 p. ;
_c21 cm.
500 _aIncluye datos biográficos del autor en la cotracubierta
500 _aIncluye referencias bibliográficas y notas al pie de las páginas
504 _aBibliografía : p. 50
049 _aBNPD
999 _c21773
_d21773